Report of the advisory committee on recruiting (Record no. 493803)

000 -LEADER
fixed length control field 00346cam a22001097a 4500
008 - FIXED-LENGTH DATA ELEMENTS--GENERAL INFORMATION
fixed length control field 180718b1958 xxu||||| |||| 00| 0 eng d
082 ## - DEWEY DECIMAL CLASSIFICATION NUMBER
Classification number N111x42 Un3
245 ## - TITLE STATEMENT
Title Report of the advisory committee on recruiting
Statement of responsibility, etc. by Her Majesty's Stationery Office
260 ## - PUBLICATION, DISTRIBUTION, ETC.
Place of publication, distribution, etc. London
Name of publisher, distributor, etc. The author
Date of publication, distribution, etc. 1958
300 ## - PHYSICAL DESCRIPTION
Extent 70p.
700 ## - ADDED ENTRY--PERSONAL NAME
Personal name Her Majesty's Stationery Office
Holdings
Withdrawn status Lost status Damaged status Not for loan Permanent Location Current Location Date acquired Full call number Barcode Date last seen Price effective from Koha item type
        Indian Institute of Public Administration Indian Institute of Public Administration 2018-08-04 N111x42 Un3 G1420 2018-08-04 2018-08-04 G

Powered by Koha